ՄԱՅՐ ԱԹՈՌ ՍՈՒՐԲ ԷՋՄԻԱԾԻՆ

«ՎԱՉԵ ԵՎ ԹԱՄԱՐ ՄԱՆՈՒԿՅԱՆ» ՄԱՏԵՆԱԴԱՐԱՆ

Grammatik der deutschen sprache. (Record no. 67007)

MARC details
000 -LEADER
fixed length control field 00870nam a22002177a 4500
003 - CONTROL NUMBER IDENTIFIER
control field SEM
005 - DATE AND TIME OF LATEST TRANSACTION
control field 20220608073814.0
008 - FIXED-LENGTH DATA ELEMENTS--GENERAL INFORMATION
fixed length control field 170815b xxu||||| |||| 00| 0 germ d
020 ## - INTERNATIONAL STANDARD BOOK NUMBER
International Standard Book Number 5545000909
040 ## - CATALOGING SOURCE
Original cataloging agency SEM
Transcribing agency SEM
041 0# - LANGUAGE CODE
Language code of text/sound track or separate title germ.
080 ## - UNIVERSAL DECIMAL CLASSIFICATION NUMBER
Universal Decimal Classification number 803.0-5(075.8)/A-95
100 1# - MAIN ENTRY--PERSONAL NAME
Personal name Awetisjan S. J.; Hasratjan Sh. I
Fuller form of name (Ավետիսյան Ս., Հասրաթյան Ժ.)
245 10 - TITLE STATEMENT
Title Grammatik der deutschen sprache.
Remainder of title Syntax. /
Statement of responsibility, etc. S. Awetisjan, Sh. Hasratjan; Hrsgb.: I. Arakelyan
246 11 - VARYING FORM OF TITLE
Title proper/short title Գերմաներեն լեզվի քերականություն: (Շարահյուսություն):
Remainder of title Ձեռնարկ մասնագիտական բուհերի համար:/
246 11 - VARYING FORM OF TITLE
Title proper/short title Грамматика немецкого языка.
260 ## - PUBLICATION, DISTRIBUTION, ETC.
Place of publication, distribution, etc. Jerewan:
-- [Yerevan]:
Name of publisher, distributor, etc. «Lujs»,
Date of publication, distribution, etc. 1988.
300 ## - PHYSICAL DESCRIPTION
Extent 166 S.;
Dimensions 21 cm.
650 ## - SUBJECT ADDED ENTRY--TOPICAL TERM
Topical term or geographic name entry element German
General subdivision Syntax
942 ## - ADDED ENTRY ELEMENTS (KOHA)
Source of classification or shelving scheme Universal Decimal Classification
Koha item type Գրքեր/Books
Holdings
Withdrawn status Lost status Source of classification or shelving scheme Damaged status Not for loan Collection code Home library Current library Date acquired Cost, normal purchase price Inventory number Total Checkouts Full call number Barcode Date last seen Price effective from Koha item type Public note
    Universal Decimal Classification     Գրապահոց Մայր Աթոռ Սուրբ Էջմիածին «Վաչե և Թամար Մանուկյան» Մատենադարան Մայր Աթոռ Սուրբ Էջմիածին «Վաչե և Թամար Մանուկյան» Մատենադարան 15/08/2017 2500.00 Germ-1369   803.0-5(075.8)/A-95 Germ-1369 15/08/2017 15/08/2017 Գրքեր/Books Սպասարկվում է ընթերցասրահ